000 00457nam a2200181Ia 4500
008 230711s9999||||xx |||||||||||||| ||und||
020 _a978-81-265-6288-6
041 _aENG
082 _a658.15
_bBA-M
100 _aBalakrishnan,Ramji
245 0 _aManagerial accounting
250 _a2nd Ed.
260 _c2012
_aNew Delhi
_bWiley India Pvt.Ltd
300 _a692p.
650 _aUNIVESITY BUSNIESS SCHOOL
700 _aSivaramakrishnan,K
942 _cBK
999 _c6423
_d6423